Responses for Show #8477 - Tuesday, September 28, 2021

Matt Amodio game 30.

Contestants

[<< previous game]

Lori Waters, a retired teacher from New Braunfels, Texas

Stu Selonick, a TV writer from Los Angeles, California

Matt Amodio, a Ph.D. student from New Haven, Connecticut (whose 29-day cash winnings total $1,037,001)

[next game >>]

Jeopardy! Round responses

ENTERTAINMENT & THE NMAAHC
(Mayim: ENTERTAINMENT and the Smithsonian's National Museum of African American History and Culture.)
SIGNS & SYMBOLS
BOOKS FOR KIDS
MISSING POISONS UNIT
PUT IT IN THE PROVINCE
GOING "GREEN"
    $200 30
Star Trek

Matt
    $200 26
sickle

Matt
    $200 25
Stuart Little

Matt
    $200 27
mushroom

Matt
    $200 24
Ontario

Lori
    $200 28
a greenback

Stu
    $400 29
The Wiz

Matt
    $400 20
oak

Matt
    $400 21
Harold

Matt
    $400 22
Arsenic

Matt
    $400 23
Quebec

Lori
    $400 18
a greenhouse

Lori
    $600 19
Chuck Berry

Lori
    $600 14
pharmacy

Lori
    $600 15
[NOTE: Matt did not include the leading article in his response.]

The Lorax

Matt
    $600 16
carbon monoxide

Matt
    $600 13
Nova Scotia

Stu
    $600 17
the Green Hornet

Stu
    $800 4
Lady Sings the Blues

Matt
    $5,200 12
clef

Matt
    $800 11
Harriet the Spy

Matt
    $800 9
agent orange

Lori
    $800 8
(Lori: What is Alberta?)

British Columbia

MattLori
    $800 10
greenhorn

Matt
    $1000 7
(Lena) Horne

Matt
    $1000 3
(Matt: What's Picts?)

the Celts

MattStu
    $1000 5
Van Allsburg

Matt
    $1000 2
(Stu: What is mad cow?)

anthrax

Stu
Triple Stumper
    $1000 1
Saskatchewan

Matt
    $1000 6
greenwashing

Stu

Scores at the first commercial break (after clue 15):

Matt Stu Lori
$11,000 $1,600 $600

Scores at the end of the Jeopardy! Round:

Matt Stu Lori
$14,000 $2,400 $2,200

Double Jeopardy! Round responses

FROM GRAY'S ANATOMY
VOCABULARY
MIDDLE NAME, PLEASE
HISTORIC SPEECHES
LIFE & WORK IN ANCIENT ROME
& IN A SUPPORTING ROLE
    $400 28
(Matt: Uh... what's... cranium?)

nose

MattStu
    $400 30
the Sun

Lori
    $400 27
Mitt

Matt
    $400 23
Socrates

Matt
    $400 26
bath

Matt
    $400 29
Harley Quinn

Stu
    $800 25
cerebellum

Matt
    $800 22
portmanteau

Lori
    $800 21
Dakota & Elle

Triple Stumper
    $10,000 11
fireside chat

Matt
    $800 24
teacher

Matt
    $800 20
Parasite

Stu
    $6,000 10
aorta

Matt
    $1200 1
Zenith

Matt
    $1200 18
(Mayim: John [*] Adams, correct.)

Quincy

Stu
    $1200 4
Robespierre

Matt
    $1200 7
Pantheon

Matt
    $1200 19
Williams

Stu
    $1600 9
pelvis

Matt
    $1600 3
zeitgeist

Matt
    $1600 17
Sebastian

Matt
    $1600 2
(Lori: What is head?)

stomach

StuLori
    $1600 6
birds

Triple Stumper
    $1600 14
Jackson

Matt
    $2000 15
kidneys

Matt
    $2000 13
vermilion

Lori
    $2000 12
(Mayim: Yes, his father's known as "Jelly[*]".)

Bean

Stu
    $2000 5
Chief Joseph

Matt
    $2000 8
stylus

Matt
    $2000 16
Uncut Gems

Stu

Scores at the end of the Double Jeopardy! Round:

Matt Stu Lori
$48,400 $12,000 $3,800
(lock game)

[wagering suggestions for these scores]

Final Jeopardy! Round responses

THE CONTINENTS
(Mayim: [To Lori] Zero degrees longitude goes straight through the Sahara Desert.)
LoriWhat is Africa?
$3,799
StuWhat is Africa?
$4,000
MattWhat is Africa?
$22,000
Africa

Final scores:

Matt Stu Lori
$70,400 $16,000 $7,599
30-day champion: $1,107,401 2nd place: $2,000 3rd place: $1,000

Game dynamics:

Coryat scores:

Matt Stu Lori
$30,000 $12,000 $3,800
35 R
(including 3 DDs),
2 W
13 R,
1 W
9 R,
2 W

Combined Coryat: $45,800

[game clues] [game scores] [suggest correction]

Game tape date: 2021-08-25
The J! Archive is created by fans, for fans. Scraping, republication, monetization, and malicious use prohibited; this site may use cookies and collect identifying information. See terms. The Jeopardy! game show and all elements thereof, including but not limited to copyright and trademark thereto, are the property of Jeopardy Productions, Inc. and are protected under law. This website is not affiliated with, sponsored by, or operated by Jeopardy Productions, Inc. Join the discussion at JBoard.tv.